000
00188 a2200097 4500
020
_a
9780545343763
041
_a
spa
100
_a
Bergen, Lara
245
_a
Sofia la heroina
942
_c
BK
999
_c
12053
_d
12053